Storming the fortress of fusion (Record no. 1396417)

MARC details
000 -LEADER
fixed length control field 00513nam a2200193Ia 4500
005 - DATE AND TIME OF LATEST TRANSACTION
control field 20250508165635.0
008 - FIXED-LENGTH DATA ELEMENTS--GENERAL INFORMATION
fixed length control field 008 250505s9999 xx 000 0 eng d
037 ## - SOURCE OF ACQUISITION
Stock number Periodicals
040 ## - CATALOGING SOURCE
Original cataloging agency FEDL
Language of cataloging eng
Transcribing agency FEDL
041 ## - LANGUAGE CODE
Language code of text/sound track or separate title eng
Source of code eng
084 ## - COLON CLASSIFICATION NUMBER
Classification number 621.48, VOR
Assigning agency FEDL
100 ## - MAIN ENTRY--PERSONAL NAME
Personal name Vornov G.S
9 (RLIN) 781465
245 #0 - TITLE STATEMENT
Title Storming the fortress of fusion
260 ## - PUBLICATION, DISTRIBUTION, ETC.
Place of publication, distribution, etc. Moscow
Name of publisher, distributor, etc. Mir Publishers
Date of publication, distribution, etc. 1988
300 ## - PHYSICAL DESCRIPTION
Extent 335p.
365 ## - TRADE PRICE
Price type code INR
Price amount 17
942 ## - ADDED ENTRY ELEMENTS (KOHA)
Koha item type Periodicals
Classification part 621.48, VOR
Holdings
Withdrawn status Lost status Damaged status Not for loan Home library Current library Date acquired Cost, normal purchase price Total Checkouts Full call number Barcode Date last seen Price effective from Koha item type
        Department of Education Library Department of Education Library 2025-05-08 17.00   621.48, VOR EL0090069 2025-05-08 2025-05-08 Periodicals
Copyright @ Delhi University Library System